Alle deutschen Städte mit M - Statistiken

Allgemein
  • Dieses Quiz wurde 2.302 mal gespielt
  • Das Durchschnittsergebnis liegt bei 35 aus 111
Antwortstatistiken
Einwohner Stadt BL % Korrekt
1.488.202 München BY
98%
309.721 Mannheim BW
92%
235.775 Magdeburg ST
90%
316.403 Münster NW
89%
15.134 Munster NI
89%
217.123 Mainz RP
88%
259.665 Mönchengladbach NW
82%
76.401 Marburg HE
80%
81.592 Minden NW
80%
170.921 Mülheim an der Ruhr NW
77%
103.487 Moers NW
76%
44.360 Memmingen BY
70%
84.312 Marl NW
64%
35.457 Meppen NI
63%
28.231 Meißen SN
58%
33.593 Merseburg ST
58%
38.749 Mettmann NW
57%
52.452 Menden (Sauerland) NW
55%
24.722 Meiningen TH
54%
35.799 Mühlhausen/Thüringen TH
53%
46.753 Melle NI
52%
56.479 Meerbusch NW
49%
11.466 Miesbach BY
48%
29.700 Merzig SL
47%
9.288 Miltenberg BY
46%
19.282 Mölln SH
46%
39.307 Maintal HE
45%
29.696 Meschede NW
45%
19.284 Mayen RP
44%
11.686 Monschau NW
43%
41.279 Monheim am Rhein NW
41%
13.797 Melsungen HE
38%
15.247 Mindelheim BY
38%
27.986 Mechernich NW
37%
34.799 Mörfelden-Walldorf HE
37%
19.119 Müllheim BW
37%
20.529 Meinerzhagen NW
36%
20.962 Mühldorf am Inn BY
36%
24.741 Meckenheim NW
35%
23.425 Mosbach BW
35%
24.664 Markkleeberg SN
34%
19.488 Marsberg NW
34%
28.534 Mühlheim am Main HE
34%
15.833 Marbach am Neckar BW
32%
15.970 Michelstadt HE
32%
17.049 Marktredwitz BY
31%
13.934 Meerane SN
31%
14.213 Montabaur RP
31%
22.117 Metzingen BW
30%
7.341 Malchin MV
28%
18.683 Marktoberdorf BY
28%
12.935 Möckern ST
28%
3.630 Mühlberg/Elbe BB
28%
9.881 Meuselwitz TH
27%
8.517 Mansfeld ST
26%
6.050 Meersburg BW
26%
16.716 Marienberg SN
25%
7.248 Meldorf SH
25%
26.093 Mühlacker BW
25%
11.243 Marktheidenfeld BY
24%
14.356 Mittweida SN
24%
6.542 Malchow MV
23%
15.824 Markranstädt SN
23%
5.947 Marne SH
23%
11.185 Mülheim-Kärlich RP
23%
3.883 Mirow MV
21%
15.106 Mainburg BY
20%
7.987 Medebach NW
20%
5.200 Monheim (Schwaben) BY
20%
11.817 Maxhütte-Haidhof BY
19%
4.632 Müllrose BB
19%
2.019 Magdala TH
18%
3.604 Mühlheim an der Donau BW
18%
1.416 Manderscheid RP
17%
20.494 Mössingen BW
17%
10.136 Münchberg BY
17%
9.428 Mittenwalde BB
16%
4.903 Marienmünster NW
15%
18.893 Moosburg an der Isar BY
15%
4.616 Marlow MV
14%
3.973 Marktbreit BY
13%
8.932 Mendig RP
13%
9.876 Mengen BW
13%
5.835 Münzenberg HE
13%
14.156 Markdorf BW
12%
8.428 Meßkirch BW
12%
6.941 Moringen NI
12%
14.902 Markgröningen BW
11%
836 Märkisch Buchholz BB
11%
6.632 Maulbronn BW
11%
5.504 Mellrichstadt BY
11%
7.362 Markneukirchen SN
9%
2.789 Meisenheim RP
9%
10.714 Meßstetten BW
9%
2.111 Meyenburg BB
9%
8.541 Mücheln (Geiseltal) ST
9%
5.855 Mügeln SN
9%
14.480 Münsingen BW
9%
8.216 Möckmühl BW
8%
3.445 Münstermaifeld RP
8%
6.495 Mitterteich BY
7%
5.430 Munderkingen BW
7%
7.523 Münnerstadt BY
7%
14.026 Murrhardt BW
7%
1.995 Marktsteft BY
6%
7.003 Müncheberg BB
6%
2.929 Münchenbernsdorf TH
6%
5.248 Mahlberg BW
5%
2.283 Mainbernheim BY
2%
2.999 Marktleuthen BY
2%
3.067 Merkendorf BY
2%
Keine übereinstimmenden Quizze gefunden
Verteilung der Resultate
Anzahl Personen mit jedem Resultat
Perzentil nach korrekt beantworteten Fragen
Ihre Resultats-Entwicklung
Sie haben dieses Quiz noch nicht gespielt